| 000 | 00514nam a2200169Ia 4500 | ||
|---|---|---|---|
| 008 | 090201s9999 xx 000 0 und d | ||
| 010 | _aKPL-15207 | ||
| 040 | _bमराठी | ||
| 041 | _aमराठी | ||
| 082 |
_a36885 _b15207 |
||
| 100 | _aचिं द्वा देशमुख | ||
| 245 |
_aमेघदूत _cचिं द्वा देशमुख |
||
| 260 |
_c2004 _bसरिता प्रकाशन |
||
| 300 |
_a95 _bमोठा |
||
| 600 | _aमेघदूत | ||
| 942 | _cBOOK | ||
| 999 |
_c234786 _d234786 |
||